Sydney Suburbs by Bordering Suburb - Statistics

General Stats
  • This quiz has been taken 230 times
    227 since last reset
  • The average score is 11 of 20
Answer Stats
Hint Answer % Correct
Mascot Botany
82%
Kogarah Rockdale
75%
Woolloomooloo Darlinghurst
72%
Birchgrove Balmain
68%
La Perouse Little Bay
68%
Mona Vale Newport
63%
Granville Parramatta
60%
Marsfield Ryde
58%
Lidcombe Newington
52%
North Rocks Baulkham Hills
50%
Lane Cove Linley Point
50%
Prospect Toongabbie
50%
Lapstone Leonay
49%
Ruse Airds
48%
Croydon Park Belfield
48%
St Marys Jordan Springs
47%
Cobbitty Camden
45%
Westleigh Dural
45%
Chipping Norton Milperra
45%
Lurnea Casula
35%
No matching quizzes found
Score Distribution
Percent of People with Each Score
Percentile by Number Answered
Your Score History
You have not taken this quiz since the last reset